000 00717nam a2200229 4500
001 3965
005 20181127172308.0
010 0 0 _a
020 0 0 _a
090 0 0 _a658.4 C4356c 2012
100 0 0 _a Chakraborty, Swati.
245 0 0 _aCorporate governance and control /
_b
_cDr. Swati Chakraborty.
_h
250 0 0 _a
260 0 0 _a[Thimphu] :
_b[Royal Thimphu College],
_c2012.
300 0 0 _a124 leaves.
500 _aModule 704, Corporate Governance and Control by Dr. Swati Chakraborty.
500 0 0 _aSpiral-bound xerographic copy
610 _aRoyal Thimphu College.
_b
_c
_d
_e
_f
_g
_k
_l
_m
_n
_o
_p
_r
_s
_t
_v
_x
_y
_z
_2
650 0 0 _aCorporate governance.
_x
650 0 0 _aCorporations.
_x
650 0 0 _aIndustrial management.
_x
999 _c3235
_d3235